Pokémon - Les attaques de Anorith - Statistiques

Statistiques générales
  • Ce quiz a été pris 18 fois
  • Le résultat moyen est 9 sur 13
Statistiques - réponses
Niveaux Types Noms des coups % Correct
Niveau 4 Eau Pistolet à O
100%
Niveau 12 Acier Griffe Acier
89%
Départ Normal Armure
78%
Niveau 20 Insecte Piqûre
78%
Niveau 44 Insecte Plaie Croix
78%
Niveau 16 Roche Pouvoir Antique
78%
Départ Insecte Taillade
78%
Niveau 8 Roche Anti-Air
67%
Niveau 36 Roche Boule Roc
56%
Niveau 24 Eau Saumure
56%
Niveau 28 Normal Tranche
56%
Niveau 41 Normal Abri
33%
Niveau 32 Normal Éclate Griffe
22%
Aucun quiz correspondant
Distribution des résultats
% des personnes avec chaque résultat
Percentile par nombre de réponses
Votre historique - résultats
Vous n’avez pas pris ce quiz